书目信息 |
| 题名: |
铬渣的无害化处理与资源化利用
|
|
| 作者: | 匡少平 主编 | |
| 分册: | ||
| 出版信息: | 北京 化学工业出版社 2007 |
|
| 页数: | 104页 | |
| 开本: | 26cm | |
| 丛书名: | ||
| 单 册: | ||
| 中图分类: | X781 | |
| 科图分类: | ||
| 主题词: | 铬--废渣--废物处理 , 铬--废渣--废物综合利用 | |
| 电子资源: | ||
| ISBN: | 978-7-5025-9487-9 | |
| 000 | 00960nam0 2200265 450 | |
| 001 | 012004097459 | |
| 005 | 20080225093228.01 | |
| 009 | 012004097459 | |
| 010 | @a978-7-5025-9487-9@dCNY20.00 | |
| 035 | @a(110019)012006129778 | |
| 100 | @a20061221d2007 em y0chiy0110 ea | |
| 101 | 0 | @achi |
| 102 | @aCN@b110000 | |
| 105 | @aa z 000yy | |
| 106 | @ar | |
| 200 | 1 | @a铬渣的无害化处理与资源化利用@Age zha de wu hai hua chu li yu zi yuan hua li yong@f匡少平主编 |
| 210 | @a北京@c化学工业出版社@d2007 | |
| 215 | @a104页@c图@d26cm | |
| 330 | @a本书介绍了铬渣的产生机理、成分特征及对生态环境的危害,总结了目前铬盐企业采用的铬渣治理实用技术,如铬渣烧结矿冶炼含铬生铁技术、液态排渣旋风燃炉附烧铬渣工艺技术、铬渣作矿化剂生产水泥熟料技术等的原理、工艺和应用情况。 | |
| 606 | 0 | @a铬@x废渣@x废物处理 |
| 606 | 0 | @a铬@x废渣@x废物综合利用 |
| 690 | @aX781@v4 | |
| 701 | 0 | @a匡少平@Akuang shao ping@4主编 |
| 801 | 0 | @aCN@b110019@c20080225 |
| 905 | @dX781@e130@f4 | |
| 铬渣的无害化处理与资源化利用/匡少平主编.-北京:化学工业出版社,2007 |
| 104页:图;26cm |
| ISBN 978-7-5025-9487-9:CNY20.00 |
| 本书介绍了铬渣的产生机理、成分特征及对生态环境的危害,总结了目前铬盐企业采用的铬渣治理实用技术,如铬渣烧结矿冶炼含铬生铁技术、液态排渣旋风燃炉附烧铬渣工艺技术、铬渣作矿化剂生产水泥熟料技术等的原理、工艺和应用情况。 |
| ● |
| 相关链接 |
|
|
|
|
正题名:铬渣的无害化处理与资源化利用
索取号:X781/130
 
预约/预借
| 序号 | 登录号 | 条形码 | 馆藏地/架位号 | 状态 | 备注 |
| 1 | 0614405 | 206144055 | 第二样本阅览室/ [索取号:X781/130] | 在馆 | |
| 2 | 0614406 | 206144064 | 第三借阅区/ [索取号:X781/130] | 在馆 | |
| 3 | 0614407 | 206144073 | 第三借阅区/ [索取号:X781/130] | 在馆 | |
| 4 | 0614408 | 206144082 | 第三借阅区/ [索取号:X781/130] | 在馆 |